| 000 | 00659nam a2200229Ia 4500 | ||
|---|---|---|---|
| 005 | 20260429111921.0 | ||
| 008 | 260429s9999||||xx |||||||||||||| ||und|| | ||
| 020 | _a9783031012983 | ||
| 041 | _aEnglish | ||
| 082 |
_a511.3 _bASH |
||
| 100 | _aAshlock, Daniel, Lee, Colin | ||
| 245 | 0 |
_aIntroduction to proofs with set theory / _cColin Lee Daniel Ashlock |
|
| 250 | _a1st ed. | ||
| 260 |
_aSwitzerland : _bSpringer, _c2022. |
||
| 300 | _axv, 233 p.; pbk | ||
| 440 | _aSynthesis Lectures on Mathematics & Statistics | ||
| 650 | _a Discrete mathematics | ||
| 650 | _a Logic | ||
| 650 | _a Set theory | ||
| 650 | _aMathematical proofs | ||
| 942 | _cTB | ||
| 999 |
_c51421 _d51421 |
||